000 01154nam a2200301Ia 4500
003 OSt
005 20251113071921.0
008 251113s9999 xx 000 0 und d
040 _aЭМШУТНС
071 _b6582
072 _aэрдмийн чуулган-46
082 _a610
_bО 279
100 _aОлдох С.
_939220
_eсудлаач
240 _a
245 _a"Норов-7" тангийн үрэвслийн эсрэг үйлдлийг судалсан дүн //
264 _aУлаанбаатар.
_c2004.
_bЭрхэс,
300 _aХ.85-87
440 _aЭрдмийн чуулган-46:
_pШилдэг бүтээлийн дээж
_v2004
_967341
505 _r (ЭМШУИС.)
546 _aмонгол
_bкирилл
700 _aОлдох С.
_eсудлаач
_965331
700 _aЛхагвасүрэн Ц.
_eсудлаач
_93884
700 _aТөмөрбаатар Н.
_eсудлаач
700 _aЧимэдрагчаа Ч.
_eсудлаач
_95445
710 _aЭМШУИС
_967044
_eУАС
856 _uhttps://online.fliphtml5.com/lluzx/fboc/
_zЭРДМИЙН ЧУУЛГАН - 46 2004
942 _2ddc
_cARTICLE
999 _c35676
_d35676